Gentilés de la métropole bordelaise. Où habitent les ... - Statistiques

Statistiques générales
  • Ce quiz a été pris 20 fois
  • Le résultat moyen est 23 sur 28
Statistiques - réponses
Gentilé Commune % Correct
B Béglais Bègles
100%
B Bordelais Bordeaux
100%
B Brugeais Bruges
100%
C Cenonnais Cenon
100%
E Eysinais Eysines
100%
F Floiracais Floirac
100%
G Gradignanais Gradignan
100%
L Haillanais Le Haillan
100%
L Lormontais Lormont
100%
M Mérignacais Mérignac
100%
P Pessacais Pessac
100%
T Talençais Talence
100%
B Bassenais Bassens
94%
B Blanquefortais Blanquefort
94%
C Carbonblannais Carbon-blanc
94%
L Bouscatais Le Bouscat
94%
V Villenavais Villenave-d'Ornon
94%
P Parempuyriens Parempuyre
88%
S Saint-Médardais Saint-Médard-en-Jalles
88%
B Bouliacais Bouliac
81%
A Ambésiens Ambès
75%
T Taillanais Le Taillan-Médoc
63%
A Ambarésiens Ambarès-et-Lagrave
56%
A Artiguais Artigues-près-Bordeaux
56%
S Saint-Aubinois Saint-Aubin-de-Médoc
44%
M Martignassais Martignas-sur-Jalle
38%
V Vincentiens Saint-Vincent-de-Paul
38%
S Montferrandais Saint-Louis-de-Montferrand
31%
Aucun quiz correspondant
Distribution des résultats
% des personnes avec chaque résultat
Percentile par nombre de réponses
Votre historique - résultats
Vous n’avez pas pris ce quiz